| 000 | 00435nam a2200145 a 4500 | ||
|---|---|---|---|
| 001 | 4135 | ||
| 003 | CDMR | ||
| 005 | 20130319175958.0 | ||
| 008 | 130130s1991||||||||||||||||||||||||||||d | ||
| 020 | _a0944823033 | ||
| 040 |
_aCDMR _bcat _cCDMR |
||
| 245 | 0 | 0 |
_aAtaques contra la Prensa 1990 _b: un informe internacional _c[prólogo de Loren Ghiglione] |
| 260 |
_aNueva York _c1991 _bComité para la Protección de Periodistas |
||
| 942 |
_cMON _2ddc |
||
| 999 |
_c4135 _d4135 |
||